Organismos, estructuras, máquinas: para una teoría del organismo

Αποθηκεύτηκε σε:
Λεπτομέρειες βιβλιογραφικής εγγραφής
Κύριος συγγραφέας: Wieser, Wolfgang (Συγγραφέας)
Μορφή: Βιβλίο
Γλώσσα:Ισπανικά
Έκδοση: Buenos Aires Eudeba 1970
Έκδοση:3a. ed
Σειρά:Lectores de EUDEBA, 29
Θέματα:
Ετικέτες: Προσθήκη ετικέτας
Δεν υπάρχουν, Καταχωρήστε ετικέτα πρώτοι!

MARC

LEADER 00000nam a2200000 a 4500
001 UCT3408
003 CL-VaPUC
008 961024e19700000AG |||||||||||||||||spa|d
082 0 4 |a 501  |b WIE  |2 21 
100 0 |a Wieser, Wolfgang  |e author  |9 372335 
245 1 0 |a Organismos, estructuras, máquinas: para una teoría del organismo 
250 |a 3a. ed 
300 |a 182 p 
942 |c BK 
945 |d 19961024 00:00:00  |a cmena 
260 |a Buenos Aires  |b Eudeba  |c 1970 
650 0 |a Filosofía de las ciencias  |9 256466 
650 0 |a Sistema nervioso  |9 266815 
650 0 |a Ciencias físicas y naturales  |9 360507 
650 0 |a Filósofos   |9 269126 
650 0 |a Científicos   |9 262025 
583 |a last modification  |c 19961024 00:00:00  |k Rodrigo Vera 
490 0 |a Lectores de EUDEBA, 29 
999 |c 253071  |d 253069 
952 |0 0  |1 0  |4 0  |6 501_000000000000000_WIE_1970  |7 0  |8 A  |9 273524  |a BIBGIM  |b BIBGIM  |d 2019-11-19  |i 3363821  |o 501 WIE 1970  |p 3363821  |r 2025-01-15  |w 2019-11-19  |y BK  |k COM